Inwazje - Statystyki

Ogólne statystyki
  • Ten quiz został rozwiązany 13 razy
  • Średni wynik to 14 z 20
Statystyki odpowiedzi
Data Najeźdźca Zaatakowany kraj % Poprawnych
1979 Związek Radziecki Afganistan
100%
1973 Egipt i Syria Izrael
100%
1846 Stany Zjednoczone Meksyk
100%
Wrzesień 1939 Niemcy Polska
100%
2001 Stany Zjednoczone Afganistan
92%
Październik 1939 Związek Radziecki Finlandia
92%
2003 Stany Zjednoczone Irak
92%
1990 Irak Kuwejt
92%
1956 Związek Radziecki Węgry
92%
Czerwiec 1812 Francja Rosja
83%
Czerwiec 1941 Niemcy Związek Radziecki
83%
1415 Anglia Francja
67%
1812 Stany Zjednoczone Kanada
67%
334 PNE Macedonia Persja
58%
490 PNE Persja Ateny
50%
1970 Stany Zjednoczone i Wietnam Południowy Kambodża
50%
1296 Anglia Szkocja
50%
1588 Hiszpania (próba) Anglia
42%
599 PNE Babilon Juda
17%
218 PNE Kartagina Roma
0%
Nie znaleziono quizów pasujących do podanych kryteriów
Rozkład punktacji
Procent ludzi z każdym wynikiem
Percentyl według liczby udzielonych odpowiedzi
Twoja historia wyników
Nie rozwiązałeś tego quizu